Introducción a la Ciencia de los Materiales

Bibliographic Details
Main Author: Callister, JR y D William
Format: Section = Libro
Language:Undetermined
Spanish
Published: Mexico Limusa/Wiley 2009
Edition:2a ed
Subjects:
LEADER 00554nam a2200205Ia 4500
008 240830s9999 xx 000 0 und d
020 |a 978-607-5-00025-1 
040 |a B-ESTELÍ- RUACS / 620.112 C162 
041 |a spa 
082 |a 620.112 C162 
100 1 |a Callister, JR y D William 
245 1 0 |a Introducción a la Ciencia de los Materiales 
250 |a 2a ed 
260 |a Mexico  |b Limusa/Wiley  |c 2009 
300 |a 655 p 
650 7 |a CIENCIA DE LOS MATERIALES 
650 7 |b  MATERIALES DE INGENIERIA 
942 |c BK  |2 ddc 
991 |a TEXTO 
999 |c 11174